Evaluación de los desperdicios y siniestralidad del área de mezcla de soluciones de una empresa biomédica fabricante de válvulas del corazón para la propuesta de oportunidades de mejora
Сохранить в:
| Главный автор: | |
|---|---|
| Другие авторы: | |
| Формат: | |
| Язык: | Spanish |
| Опубликовано: |
San José, Costa Rica
2023
|
| Предметы: | |
| Метки: |
Добавить метку
Нет меток, Требуется 1-ая метка записи!
|
MARC
| LEADER | 00000nam a2200000Ia 4500 | ||
|---|---|---|---|
| 003 | 013658 | ||
| 005 | 20230615103503.0 | ||
| 008 | 140114s2023 cr a 000 ||spa d | ||
| 040 | |c cru CEDI | ||
| 100 | |a Vigot Orozco, Esteban, 1997- |9 687 | ||
| 245 | |a Evaluación de los desperdicios y siniestralidad del área de mezcla de soluciones de una empresa biomédica fabricante de válvulas del corazón para la propuesta de oportunidades de mejora | ||
| 260 | |a San José, Costa Rica |c 2023 | ||
| 500 | |a Práctica dirigida(licenciatura en ingeniería química)--Universidad de Costa Rica. Facultad de Ingeniería. Escuela de Ingeniería Química | ||
| 501 | |a Directora de Práctica de Graduación: Ing. Natalia Montero Rambla, Licda. | ||
| 650 | |x APARATOS E INSTRUMENTOS |x VALVULAS CARDIACAS |x EVALUACION DE RIESGOS |x MEDIDAS DE SEGURIDAD |x PRODUCTOS QUIMICOS |x DESINFECCION Y DESINFECTANTES |x REACCIONES QUIMICAS | ||
| 700 | |9 11 |a Montero Rambla, Natalia, 1988- |d Directota del TFG | ||
| 942 | |c CEDI |h TFG 8808 |6 TFG_8808_000000000000000 | ||
| 999 | |c 15543 |d 15543 | ||
